000 00458nam a2200145Ia 4500
008 240729s9999 xx 000 0 und d
245 0 _aBulletin of Geography: Physical Geography Series
260 _aPoland
260 _bNicolaus Copernicus University in Toruń
650 _a Geography (General)
650 _aGeography. Anthropology. Recreation
856 _uhttps://doaj.org/toc/3d3bcd2adebf41a195894111cd5f69d4
942 _2ddc
942 _cDOAJEJ
999 _c72074
_d72074
945 _a1
_bMadushi Gamage
_c1
_dMadushi Gamage